| 000 | 01140nam a2200217Ia 4500 | ||
|---|---|---|---|
| 003 | Ost | ||
| 005 | 20260416102402.0 | ||
| 008 | 260416s9999||||xx |||||||||||||| ||und|| | ||
| 040 | _cfsecg | ||
| 041 | _aara | ||
| 082 | _a658 | ||
| 100 |
_aواله، عائشة _eمؤلف |
||
| 245 | 0 |
_aمحاضرات في مقياس إدارة الأعمال : _bمطبوعة مقدمة لطلبة السنة الأولى السداس ي الثاني – جذع مشتر ك- / _c عائشة واله |
|
| 260 |
_aالجزائر _bجامعة الجزائر3: كلية العلوم الإقتصادية، العلوم التجارية وعلوم التسيير _c2024 |
||
| 300 |
_a131 ورقة _bايضاحات _c12 سم |
||
| 504 | _aالمراجع ص.125-131 | ||
| 520 | _aمدخل عام للادارة ، المدير ادواره و مهامه ، مراحل تطور الفكر الإداري،وظائف الادارة. | ||
| 653 | _aادارة الأعمال | ||
| 710 |
_aجامعة الجزائر3: كلية العلوم الإقتصادية، العلوم التجارية وعلوم التسيير _eناشر علمي |
||
| 942 | _cHANDOUT | ||
| 999 |
_c41467 _d41467 |
||